Leyes de Murphy Solo para mujeres : (Registro nro. 24094)
[ vista simple ]
| 000 -LEADER | |
|---|---|
| fixed length control field | 00646nam a22001937a 4500 |
| 003 - CONTROL NUMBER IDENTIFIER | |
| control field | DO-CoUTE |
| 005 - DATE AND TIME OF LATEST TRANSACTION | |
| control field | 20260312154534.0 |
| 008 - FIXED-LENGTH DATA ELEMENTS--GENERAL INFORMATION | |
| fixed length control field | 260312b dr ||||| |||| 00| 0 spa d |
| 040 ## - CATALOGING SOURCE | |
| Original cataloging agency | DO-CoUTE |
| Language of cataloging | spa |
| Transcribing agency | DO-CoUTE |
| 082 ## - DEWEY DECIMAL CLASSIFICATION NUMBER | |
| Classification number | 817R311i2008 |
| 100 1# - MAIN ENTRY--PERSONAL NAME | |
| Personal name | Von Rebeur, ana |
| Relator term | Autor |
| 245 10 - TITLE STATEMENT | |
| Title | Leyes de Murphy Solo para mujeres : |
| Remainder of title | Porque nada es tan facil como parece / |
| Statement of responsibility, etc. | Ana Von Rebeur |
| 260 ## - PUBLICATION, DISTRIBUTION, ETC. | |
| Place of publication, distribution, etc. | Bogota ; |
| Name of publisher, distributor, etc. | GRUPO EDITORIAL NORMA |
| Date of publication, distribution, etc. | 2008 |
| 300 ## - PHYSICAL DESCRIPTION | |
| Extent | 213 Paginas : |
| Other physical details | ilustraciones ; |
| Dimensions | 23cm, |
| 504 ## - BIBLIOGRAPHY, ETC. NOTE | |
| Bibliography, etc. note | Incluye referencia bibliográfica e índice.<br/> |
| 650 #4 - SUBJECT ADDED ENTRY--TOPICAL TERM | |
| Topical term or geographic name entry element | Experiencia |
| 700 1# - ADDED ENTRY--PERSONAL NAME | |
| Personal name | Ana Von Rebeur |
| Relator term | Autor |
| 942 ## - ADDED ENTRY ELEMENTS (KOHA) | |
| Source of classification or shelving scheme | Dewey Decimal Classification |
| Koha item type | Libros |
| Withdrawn status | Lost status | Source of classification or shelving scheme | Damaged status | Not for loan | Collection code | Home library | Current library | Shelving location | Date acquired | Inventory number | Total Checkouts | Full call number | Barcode | Date last seen | Copy number | Price effective from | Koha item type |
|---|---|---|---|---|---|---|---|---|---|---|---|---|---|---|---|---|---|
| Dewey Decimal Classification | Colección Dominicana | Biblioteca UTECO | Biblioteca UTECO | En Estantería | 03/12/2026 | 023941 | 817R311i2008 | 023941 | 03/12/2026 | Ej.1 | 03/12/2026 | Libros |
